In welke stad gebeurde het #1 - Statistieken

Algemene statistieken
  • Deze quiz is 105 keer genomen
  • De gemiddelde score is 12 van 20
Antwoordstatistieken
Jaartal Beschrijving van de gebeurtenis Stad % Correct
2001 De aanslagen van 11 september New York
98%
1942 Anne Frank vlucht naar deze stad Amsterdam
93%
753 v.C. Romelus vermoord broer Remus naar stichting van deze stad Rome
87%
1789 Bestorming van de Bastille Parijs
86%
1896 Eerste moderne Olympische Spelen Athene
81%
1945 Eerste atoombom ooit gebruikt Hiroshima
81%
1791 Mozart overlijdt hier op amper 35 jarige leeftijd Wenen
77%
2012 Olympische Spelen van 2012 Londen
71%
1914 Moord op Franz Ferdinand Sarajevo
70%
1497 Vasco da Gama vertrekt voor zijn reis naar India Lissabon
63%
1 n.C. Geboorte van Jezus Christus Bethlehem
62%
1963 Martin Luther King's "I Have a Dream" speech Washington D.C.
60%
1963 Moord op John F. Kennedy Dallas
58%
1989 Protesten op het Tienanmenplein Peking
57%
1773 Kolonialen verzetten zich tegen de Tea Act met een "party" Boston
52%
30 v.C. Cleopatra pleegt zelfmoord Alexandrië
44%
1992 Ondertekening van het omvormingsverdrag van de EU Maastricht
32%
1998 Ondertekening van het Goede Vrijdag Akkoord Belfast
29%
1873 Eerste Republiek uitgeroepen door Emilio Castelar Madrid
23%
1776 Het Continentaal Congres bespreekt de Amerikaanse Onafhankelijkheidsverklaring Philadelphia
21%
Geen overeenkomende quizzen gevonden
Scoreverdeling
Procent van Mensen met Elke Score
Percentiel versus Aantal Correcte Antwoorden
Uw Scoregeschiedenis
U heeft deze quiz nog niet genomen